| 000 | 00526nam a2200181Ia 4500 | ||
|---|---|---|---|
| 999 |
_c21754 _d21754 |
||
| 003 | OSt | ||
| 005 | 20200630125301.0 | ||
| 008 | 190216s9999||||xx |||||||||||||| ||und|| | ||
| 020 | _a8177551752 | ||
| 040 | _coclc | ||
| 082 |
_a954.01 _bBUR/I |
||
| 100 |
_aBurne, Owen Tudor _93355 |
||
| 245 | 0 |
_aIndian Rulers: _bClyde And Strathnairn / _cOwen Tudor Burne |
|
| 260 |
_bCosmo Publications, _c2014. _aNew Delhi: |
||
| 300 | _a194p | ||
| 650 | _aHistory | ||
| 942 |
_cBK _2ddc _h954.01 _iBUR/I _k954.01 _mBUR/I |
||